[Event "22nd Mediterranean Flowers 2022"]
[Site "Rijeka"]
[Date "2022.03.07"]
[Round "3.2"]
[White "Berke, Ana"]
[Black "Medic, Mirjana"]
[Result "1/2-1/2"]
[WhiteElo "2135"]
[BlackElo "2207"]
[Annotator "TA"]
[PlyCount "32"]
[EventDate "2022.03.07"]
[EventType "tourn"]
[EventCountry "CRO"]
[SourceTitle "playchess.com"]
[Source "ChessBase"]
[SourceQuality "1"]

{[%evp 9,19,-7,0,0,0,0,0,0,0,-17,4,-26]} 1. d4 d5 2. Bf4 Nf6 3. c3 e6 4. Nf3 Bd6 5. Bg3 O-O {The position is equal.} 6. e3 {D02: 1 d4 d5 2 Nf3 sidelines, including 2...Nf6 3 g3 and 2...Nf6 3 Bf4.} b6 7. Nbd2 Bb7 8. Bd3 c5 9. O-O Nc6 10. Re1 {[#] Not much happened in this game.  Weighted Error Value: White=0.04 (flawless) /Black=0.05 (flawless)} {Predecessor:} Bxg3 $146 11. hxg3 Re8 12. dxc5 bxc5 13. e4 Rb8 14. exd5 exd5 15. Rxe8+ Qxe8 16. Qa4 Qd8 {½-½ (50) Shariyazdanov,A (2527)-Bocharov,D (2597) Kazan 2016} 1/2-1/2

[Event "22nd Mediterranean Flowers 2022"]
[Site "Rijeka"]
[Date "2022.03.07"]
[Round "3.3"]
[White "Radikovic, Anamarija"]
[Black "Vujnovic, Patricija"]
[Result "1/2-1/2"]
[WhiteElo "2121"]
[BlackElo "2140"]
[Annotator "TA"]
[PlyCount "52"]
[EventDate "2022.03.07"]
[EventType "tourn"]
[EventCountry "CRO"]
[SourceTitle "playchess.com"]
[Source "ChessBase"]
[SourceQuality "1"]

{[%evp 9,52,-6,-8,-21,-31,-27,-22,-25,-22,-23,-25,-25,-13,-23,-25,-33,-34,-30,-39,-53,-14,-18,-8,-28,-27,-24,-29,-43,-24,-18,-14,-28,-22,-22,-18,-14,-16,-14,-3,-34,-27,-39,0,0,0]} 1. e4 e6 2. d4 d5 3. Nd2 Nc6 {[%cal Bb8c6,Bc6b4,Bb4d3][%mdl 32]} 4. Ngf3 Nf6 5. Bd3 Nb4 $1 6. Qe2 {C04: French Tarrasch: 3...Nc6.} Nxd3+ 7. Qxd3 Be7 8. O-O $1 O-O 9. Re1 b6 10. e5 Nd7 11. Nf1 c5 12. c3 a5 {[#]} 13. a4 $146 ({Predecessor:} 13. Ng3 Ba6 14. Qe3 Kh8 15. Nh5 Rc8 16. Bd2 Rg8 17. Qf4 Bd3 18. Ng3 Rf8 19. Qg4 {0-1 (38) Guerra Tulcan,L (2298)-Narciso Dublan,M (2511) Navalmoral 2006}) 13... Ba6 14. Qd1 Bxf1 15. Kxf1 Rc8 16. c4 Nb8 {[%cal Bd7b8,Bb8a6,Ba6c5][%mdl 32]} ({Don't play} 16... dxc4 17. d5 exd5 18. Qxd5 $11) 17. cxd5 Qxd5 18. dxc5 Qc4+ 19. Qe2 Qxe2+ 20. Rxe2 Bxc5 21. Be3 Na6 22. Rd1 Bxe3 23. Rxe3 Rc2 24. Rd2 Rfc8 25. Red3 {[#] White threatens Rd8+ and mate.} Rxd2 26. Nxd2 Nc5 {Weighted Error Value: White=0.06 (flawless) /Black=0.06 (flawless)} 1/2-1/2

[Event "22nd Mediterranean Flowers 2022"]
[Site "Rijeka"]
[Date "2022.03.07"]
[Round "3.4"]
[White "Kubicka, Anna"]
[Black "Toncheva, Nadya"]
[Result "1/2-1/2"]
[WhiteElo "2266"]
[BlackElo "2207"]
[Annotator "TA"]
[PlyCount "92"]
[EventDate "2022.03.07"]
[EventType "tourn"]
[EventCountry "CRO"]
[SourceTitle "playchess.com"]
[Source "ChessBase"]
[SourceQuality "1"]

{[%evp 11,92,34,34,16,28,25,31,31,58,52,71,71,51,63,161,134,125,128,147,141,139,111,104,88,89,53,141,142,179,126,124,6,6,0,4,0,0,0,0,-74,33,-33,-63,-81,-34,-155,-131,-212,-219,-206,-215,-256,-249,-297,-221,-227,-207,-207,-173,-183,-104,-158,0,-179,-131,-188,-159,-222,-214,-207,-18,-27,-18,-47,-50,-38,0,0,0,0,0,0,0]} 1. e4 c5 2. Nf3 e6 3. Nc3 Nc6 4. d4 cxd4 5. Nxd4 Qc7 6. Be3 a6 7. Qf3 {7.g4 is a critical line. B48: Sicilian: Taimanov: 5 Nc3 Qc7 6 Be3 a6 without Be2.} Bd6 {Prevents Qg3.} 8. O-O-O Be5 $1 9. Nxc6 {White is slightly better.} Qxc6 10. Bd4 Bxd4 11. Rxd4 Ne7 12. Qg3 {[#]} Ng6 $146 (12... O-O $14) ({Predecessor:} 12... O-O 13. Be2 b5 14. Rhd1 Ra7 15. Qd6 Qxd6 16. Rxd6 f5 17. Bf3 Rc7 18. R1d2 g5 {½-½ (37) Mihok,O (2543)-Vovk,Y (2610) Hungary 2017}) 13. Rc4 $36 {[%mdl 2048] White has strong initiative.} Qb6 14. h4 {[%cal Bh2h4,Bh4h5,Bh5h6][%mdl 32]} O-O 15. h5 Ne7 16. h6 {[%csl Gh6][%cal Rg3g7]} g6 17. Bd3 f6 18. f4 Qa5 {To avoid f5} (18... d6 $14) 19. f5 $1 $16 b5 20. Rc5 ({White should play} 20. Rc7 $18 b4 21. fxe6 $1 (21. fxg6 Nxg6 22. Nd1 Qe5 $11) 21... bxc3 22. exd7 Bxd7 23. Qd6 (23. Rxd7 $2 Qxa2 24. bxc3 Qa1+ 25. Kd2 Qxh1 $19) (23. Bc4+ Kh8 $16) 23... cxb2+ 24. Kb1) 20... Qb6 {To avoid Qd6} 21. fxg6 {White is much more active.} Nxg6 $11 22. Rch5 Bb7 23. e5 f5 24. Rg5 {White wants to mate with Rxg6+.} Kh8 $1 ({Don't play} 24... Kf7 25. Be2 f4 26. Qd3 Qe3+ 27. Kb1 Qxd3 28. Bxd3 $16) 25. Rd1 (25. Ne2 $11 {remains equal.}) 25... Bc6 ({Black should try} 25... Rg8 $17) 26. Kb1 ({Much weaker is} 26. Rxg6 hxg6 27. Ne4 Qd8 $17) (26. Ne2 $14) 26... Qc5 $15 27. Re1 b4 (27... Rg8 $1 $17) 28. Nd1 ({Only move:} 28. Ne2 $15) 28... a5 $1 $17 29. Qf2 (29. Be2 $17) 29... Qxf2 $1 $19 30. Nxf2 {[%cal Bd1f2,Bf2h3,Bh3g5][%mdl 32] [#]} Nh4 $1 31. Nh3 Bxg2 32. Rg3 Bc6 33. Ng5 Ng6 34. Rgg1 Rab8 35. Kc1 Bb5 (35... a4 $19 36. Be2 Nxe5) 36. Rg3 {[#]} (36. Bxb5 $142 Rxb5 37. Nf3) 36... Bc6 $2 (36... Ba4 $1 $17 {Threatens to win with ...Bc6.} 37. Rge3 Rbc8) 37. Kd2 $2 (37. Rgg1 $1 $11 {and White has nothing to worry.}) 37... Bd5 (37... a4 $19 38. Rge3 Ra8) 38. b3 (38. a4 $17) 38... Rbd8 39. c4 (39. Rgg1 $17 {keeps fighting.}) 39... bxc3+ 40. Kxc3 d6 $2 (40... Rc8+ $19 41. Kd2 Rc5) 41. exd6 $1 $11 Rxd6 42. Kb2 e5 {[%cal Be6e5,Be5e4][%mdl 32] White must now prevent ...e4.} 43. Rc1 {aiming for Rc7.} e4 {...f4 is the strong threat.} 44. Rc7 {The position is equal.} exd3 45. Rxh7+ Kg8 46. Rg7+ Kh8 {Never resign too early!  Weighted Error Value: White=0.36/Black=0.31} 1/2-1/2

[Event "22nd Mediterranean Flowers 2022"]
[Site "Rijeka"]
[Date "2022.03.07"]
[Round "3.5"]
[White "Drljevic, Ljilja"]
[Black "Zimina, Olga"]
[Result "0-1"]
[WhiteElo "2217"]
[BlackElo "2340"]
[Annotator "TA"]
[PlyCount "122"]
[EventDate "2022.03.07"]
[EventType "tourn"]
[EventCountry "CRO"]
[SourceTitle "playchess.com"]
[Source "ChessBase"]
[SourceQuality "1"]

{[%evp 9,122,3,25,18,9,-8,-17,-8,-16,-8,0,-33,-26,-39,-43,-50,-16,-44,-48,-52,-26,-25,6,10,19,25,68,0,13,22,13,-43,-41,-34,-37,-40,0,0,-4,-16,-15,-23,-33,-32,-33,-46,-31,-116,-25,-25,-25,-68,-10,-16,-16,-14,-15,-23,-29,-35,-27,-84,-3,-21,-21,-27,-15,-15,-16,-16,-16,-104,-107,-5092,-5013,-4578,-4133,-12361,-6103,-29971,-29974,-29979,-29980,-29980,-29981,-29981,-29982,-29982,-29983,-29983,-29984,-29983,-29984,-29988,-29989,-29988,-29989,-29989,-29990,-29994,-29989,-29989,-29990,-29995,-29991,-29991,-29992,-29994,-29992,-29992,-29993,-29995,-29994,-29996,-29997]} 1. e4 c6 2. Nc3 d5 3. Qf3 dxe4 4. Nxe4 Nf6 5. Bc4 e6 {[#]} 6. Bb3 $146 {B11: Caro-Kann: Two Knights Variation.} ({Predecessor:} 6. Ne2 Nxe4 7. Qxe4 Nd7 8. d4 Nf6 9. Qh4 Be7 10. O-O O-O 11. Bd3 b6 12. Bg5 h6 13. Bxf6 Bxf6 {1-0 (35) Yoo,C (2455)-Batsiashvili,N (2466) Chess.com INT 2020}) 6... Na6 7. d3 Nxe4 8. dxe4 {The position is equal.} Nc5 9. Ne2 {To avoid Qd4} Qf6 10. Qe3 e5 11. Ng3 h5 12. h4 Ne6 (12... Nxb3 13. axb3 b6 14. Qc3 $11) 13. Ne2 Qg6 14. Qf3 Nc5 15. Ng3 Bg4 16. Qc3 Bd6 17. Be3 Na6 (17... Nxe4 $2 18. Nxe4 Qxe4 19. f3 Bxf3 20. gxf3 Qxf3 21. Rf1 Qg3+ 22. Bf2 Qxc3+ 23. bxc3 $16) (17... Nxb3 $11 18. axb3 O-O) 18. a3 (18. O-O $1 $14) 18... O-O $11 19. Bc4 Nc7 20. Be2 (20. Bg5 $11) 20... Bxe2 $15 21. Kxe2 Qg4+ (21... Nb5 {seems wilder.} 22. Qc4 Bc7 23. Kf1 Nd6 24. Qd3 Qe6) 22. Kf1 Rad8 23. Qe1 Ne6 24. f3 Qg6 25. Nf5 {Inhibits Nd4.} Nd4 26. Bxd4 exd4 27. Rd1 Rfe8 28. Qa5 (28. Rxd4 $2 Qxf5 $3 {[%mdl 512]} 29. Rxd6 (29. exf5 $2 Rxe1+ 30. Kxe1 Bg3+ 31. Ke2 Rxd4 $19) 29... Qb5+ 30. Rd3 Rxd3 31. cxd3 Qxb2 $17) (28. g4 $15) 28... Qf6 (28... Bf8 $1 $17 29. b4 (29. Qxa7 Qe6 $17) (29. Rxd4 Rxd4 30. Nxd4 Qd6 $17) 29... Qf6 30. Qxa7 Qe6 31. Rxd4 Qa2) 29. Nxd6 $11 ({Of course not} 29. Qxa7 Be5 30. Qxb7 Rb8 $17) 29... Rxd6 30. Qxh5 ({Much weaker is} 30. Qxa7 Rxe4 31. Qb8+ Kh7 32. Qxd6 Qxd6 $19) (30. Qf5 $11 {is more appropriate.}) 30... Rxe4 (30... d3 $1 $15 31. cxd3 Rxe4 $1) 31. Qg5 Qxg5 32. hxg5 {[%mdl 4096] Endgame KRR-KRR} Re5 33. Rh4 c5 34. Rg4 Kh7 35. Kf2 {[#]} (35. Re1 $11 {keeps the balance.} Rxe1+ 36. Kxe1) 35... Rde6 {Black is more active.} (35... Kg6 $1 $17) 36. Rd2 Kg6 37. c3 Rxg5 38. Rxg5+ Kxg5 39. cxd4 {KR-KR} Rd6 40. Ke3 (40. Rc2 $1 $11 {remains equal.}) 40... Rxd4 41. Rxd4 {[%mdl 8192] This costs White the game.} (41. Rc2 $17 b6 42. b4) 41... cxd4+ $19 42. Kxd4 $17 {KP-KP} Kf4 43. b4 Kg3 {( -> ...f5)} 44. b5 Kxg2 {Black mates.} 45. Kc5 Kxf3 46. Kd6 g5 47. Kc7 b6 48. Kb7 g4 49. Kxa7 g3 50. Kxb6 {KPP-KPP} g2 51. a4 g1=Q+ 52. Ka6 Ke4 53. b6 Qf1+ 54. Ka5 Qe1+ 55. Ka6 Qe2+ 56. Ka5 Qd2+ 57. Ka6 Qd3+ 58. Ka5 Qc3+ 59. Ka6 Qc4+ 60. Ka5 Qb3 61. b7 Kd5 {Weighted Error Value: White=0.48/Black=0.13 (very precise)} 0-1

[Event "22nd Mediterranean Flowers 2022"]
[Site "Rijeka"]
[Date "2022.03.08"]
[Round "4.1"]
[White "Kejzar, Petra"]
[Black "Zimina, Olga"]
[Result "0-1"]
[WhiteElo "2031"]
[BlackElo "2340"]
[Annotator "TA"]
[PlyCount "64"]
[EventDate "2022.03.07"]
[EventType "tourn"]
[EventCountry "CRO"]
[SourceTitle "playchess.com"]
[Source "ChessBase"]
[SourceQuality "1"]

{[%evp 11,64,0,8,0,0,0,0,0,0,0,0,-16,-13,-29,-26,-46,-18,-29,-25,-49,-31,-88,-105,-118,-43,-136,-98,-159,-162,-193,-188,-252,-228,-309,-322,-659,-259,-988,-971,-1860,-1860,-2277,-575,-2302,-2316,-2180,-2202,-1986,-1814,-1745,-1147,-1031,-1031,-696,-644]} 1. c4 c6 2. Nf3 d5 3. b3 Bf5 4. Bb2 e6 5. e3 h6 6. Be2 Nf6 7. Nc3 {A12: English Opening: 1...c6 with b3 by White.} Nbd7 8. O-O Bd6 9. d4 {The position is equal.} O-O 10. Rc1 Qe7 11. h3 Rad8 {[#]} 12. c5 $146 ({Predecessor:} 12. Bd3 Bxd3 13. Qxd3 e5 14. dxe5 Nxe5 15. Nxe5 Bxe5 16. Qc2 dxc4 17. bxc4 Rd7 18. Ne2 Bxb2 19. Qxb2 {0-1 (80) Petit Montes,M (1972)-Parramon Ros,F (2020) Barcelona 2018}) 12... Bb8 13. b4 a6 14. a4 e5 {[%cal Be6e5,Be5e4][%mdl 32]} 15. b5 e4 16. Nd2 (16. Nh2 $15) 16... axb5 17. axb5 {[#]} Rfe8 (17... Qe6 $1 $17 {[%cal Of5h3] ...Bxh3! is the strong threat.} 18. Re1 Bxh3) 18. bxc6 (18. Re1 $15) 18... bxc6 $17 19. Ra1 {[#]} (19. Kh1 $142) 19... Nf8 $1 $40 {[%cal Of5h3][%mdl 128] White is in trouble.} 20. Re1 ({Of course not} 20. f4 exf3 21. Rxf3 Bg6 $15) 20... Ng6 ({Less strong is} 20... Qc7 21. Nf1 $11) 21. Nf1 (21. Na4 $142 Bc7 22. Nb6) 21... Qd7 $19 {[%cal Of5h3] aiming for ...Bxh3!} 22. Ng3 {[#]} Bxh3 {[%cal Oh6h5][%mdl 512]} 23. gxh3 $2 (23. Bc1) (23. Bf1 Bg4) 23... Bxg3 $2 (23... Qxh3 24. Bf1 Qh4) 24. fxg3 $2 (24. Bg4 Qc7 25. Rf1 (25. fxg3 $2 Qxg3+ 26. Kh1 h5 $19)) 24... Qxh3 {Black is clearly winning.} 25. Qd2 Qxg3+ 26. Kh1 Qh3+ 27. Kg1 Nh4 {[%csl Gh4][%cal Rh3g2]} 28. Bd1 Ng4 {Pair of Knights!} 29. Rf1 Re6 {[%cal Og4f2] ( -> ...Nf2!)} 30. Bxg4 Qxg4+ 31. Kh1 Nf3 32. Rxf3 Qxf3+ {Weighted Error Value: White=0.86/Black=0.41} 0-1

[Event "22nd Mediterranean Flowers 2022"]
[Site "Rijeka"]
[Date "2022.03.08"]
[Round "4.2"]
[White "Toncheva, Nadya"]
[Black "Drljevic, Ljilja"]
[Result "1-0"]
[WhiteElo "2207"]
[BlackElo "2217"]
[Annotator "TA"]
[PlyCount "81"]
[EventDate "2022.03.07"]
[EventType "tourn"]
[EventCountry "CRO"]
[SourceTitle "playchess.com"]
[Source "ChessBase"]
[SourceQuality "1"]

{[%evp 14,81,27,12,45,24,25,16,32,37,136,122,125,119,118,63,67,61,61,65,83,76,335,294,589,585,583,582,613,610,605,618,608,594,636,622,689,671,707,683,699,685,691,683,706,705,869,863,849,844,828,838,809,796,942,889,12839,12838,12837,12837,29970,29975,29978,29974,29977,1454,29978,12844,12841,12839]} 1. e4 c6 2. d4 d5 3. Nc3 dxe4 4. Nxe4 Nf6 5. Nxf6+ exf6 6. c3 Bd6 7. Bd3 O-O 8. Ne2 {[%cal Bg1e2,Be2g3,Bg3h5][%mdl 32] Active counter play!} Nd7 {B15: Caro-Kann: 3 Nc3: 3...g6 and 3...dxe4 4 Nxe4 Nf6 5 Nxf6+ exf6.} 9. O-O (9. Qc2 $5 {[%cal Rd3h7]}) 9... Re8 10. Ng3 Nf8 {The position is equal.} 11. f4 {[%cal Bf2f4,Bf4f5][%mdl 32] [#]} Ng6 $146 (11... Qc7 $14) ({Predecessor:} 11... Qb6 12. Kh1 Qc7 13. Qf3 h6 14. Bd2 c5 15. dxc5 Qxc5 16. b4 Qc7 17. c4 Ng6 {½-½ (68) Asis Gargatagli,H (2502)-Erigaisi,A (2627) Castelldefels 2021}) 12. f5 $16 Ne7 13. Nh5 {Qg4 is the strong threat.} Nd5 {[#]} 14. Qf3 {Prevents Ne3.} ({Don't play} 14. Qg4 g6 $14) ({Better is} 14. Bh6 $1 $16 {[%cal Rh6g7][%mdl 512]} g5 (14... g6 15. c4) 15. Qd2) 14... Bf8 15. Bd2 a5 16. Rae1 Bd7 17. Qg3 {Strongly threatening Rxe8.} Qb8 {[%mdl 8192] This move loses the game for Black.} (17... Rxe1 $16 18. Rxe1 b5) 18. Bf4 $18 Qd8 {[#]} (18... Nxf4 {was worth a try.} 19. Nxf6+ (19. Rxf4 Rxe1+ 20. Qxe1 c5 $11) (19. Qxf4 Qxf4 20. Nxf4 c5 $15) 19... Kh8) 19. Nxg7 $1 {[%mdl 512]} Rxe1 20. Ne6+ {[%mdl 64] Discovered Attack} Kh8 {Hoping for ...Rxf1+.} 21. Nxd8 {[%cal Rd8f7]} Rxf1+ 22. Kxf1 {[%cal Rd8f7]} Rxd8 23. Bd2 b5 24. Be4 {Black must now prevent Bxd5.} Re8 25. Bxd5 cxd5 26. Qc7 {[%csl LRa5,LRd7]} Bxf5 27. Qxf7 Bg6 28. Qxd5 Bd3+ 29. Kg1 Re2 {[#]} 30. Qf7 $1 {[%cal Rf7f8]} Bg7 {[#]} 31. Bh6 $1 {[%mdl 512]} Bxh6 32. Qxf6+ Kg8 33. Qxh6 Rxb2 {[%mdl 4096] Endgame KQ-KRB} 34. d5 {[%cal Bd4d5,Bd5d6,Bd6d7][%mdl 32]} Bc4 35. d6 Rb1+ 36. Kf2 {White threatens Qg5+ and mate.} Rf1+ 37. Kg3 Rf7 38. Qg5+ Kf8 39. Qd8+ Kg7 40. d7 {Threatening mate with Qg5+.} h6 41. Qe8 {Weighted Error Value: White=0.05 (flawless) /Black=0.61} 1-0

[Event "22nd Mediterranean Flowers 2022"]
[Site "Rijeka"]
[Date "2022.03.08"]
[Round "4.3"]
[White "Vujnovic, Patricija"]
[Black "Kubicka, Anna"]
[Result "0-1"]
[WhiteElo "2140"]
[BlackElo "2266"]
[Annotator "TA"]
[PlyCount "44"]
[EventDate "2022.03.07"]
[EventType "tourn"]
[EventCountry "CRO"]
[SourceTitle "playchess.com"]
[Source "ChessBase"]
[SourceQuality "1"]

{[%evp 9,44,21,20,2,4,4,22,22,19,28,22,5,18,9,16,6,11,13,22,10,30,28,56,39,51,5,16,2,8,7,7,11,12,0,0,0,0]} 1. e4 c6 2. Nf3 d5 3. exd5 cxd5 4. Ne5 Nf6 5. d4 g6 6. c3 {B10: Caro-Kann: 2 d3 and 2 c4.} Bg7 7. Bd3 Nfd7 8. f4 {[#]} Qb6 $146 ({Predecessor:} 8... O-O 9. O-O Nc6 10. Qf3 Ndxe5 11. fxe5 f6 12. exf6 Rxf6 13. Qe2 e5 14. dxe5 Nxe5 {0-1 (62) Terry,R (2504)-Weetik,V (2423) Chess.com INT 2021}) 9. Qe2 O-O 10. O-O Nxe5 11. fxe5 Nc6 12. Be3 f6 13. exf6 Rxf6 14. Rxf6 Bxf6 15. Na3 Be6 16. Rf1 Bf7 17. Kh1 (17. Qf2 $14 {is superior.}) 17... a6 {The position is equal.} 18. Qf2 Rf8 19. Bh6 Bg7 20. Bxg7 Kxg7 21. h4 {[%cal Bh2h4,Bh4h5][%mdl 32]} Nb8 22. h5 Nd7 {[%mdl 32768] Weighted Error Value: White=0.07 (flawless) /Black=0.03 (flawless) . Loss on time!?} 0-1

[Event "22nd Mediterranean Flowers 2022"]
[Site "Rijeka"]
[Date "2022.03.08"]
[Round "4.4"]
[White "Medic, Mirjana"]
[Black "Radikovic, Anamarija"]
[Result "1/2-1/2"]
[WhiteElo "2207"]
[BlackElo "2121"]
[Annotator "TA"]
[PlyCount "39"]
[EventDate "2022.03.07"]
[EventType "tourn"]
[EventCountry "CRO"]
[SourceTitle "playchess.com"]
[Source "ChessBase"]
[SourceQuality "1"]

{[%evp 13,39,7,25,-12,0,-9,0,10,5,8,9,10,5,6,8,7,16,13,16,0,16,12,7,6,34,55,85,0]} 1. d4 d5 2. Nf3 Nf6 3. c4 c6 4. e3 Bf5 5. Nc3 e6 6. Be2 Nbd7 $1 {The main line 6...Nbd7 scores better than 6...h6.} 7. O-O Bd6 8. h3 {D12: Slav Defence: 3 Nf3 Nf6 4 e3 Bf5.} (8. c5 $5 {[%cal Rc5d6]} Bc7 9. Nh4 $11) 8... h6 9. Bd3 Bxd3 10. Qxd3 {The position is equal.} O-O 11. e4 dxe4 12. Nxe4 Nxe4 13. Qxe4 Nf6 14. Qe2 {[#]} c5 $146 ({Predecessor:} 14... Qc7 15. Bd2 Rfd8 16. Rad1 c5 17. Bc3 cxd4 18. Bxd4 a6 19. Bc3 Rac8 20. b3 Be7 {½-½ (31) Mueller,S-Diener,R DESC email 2013}) 15. Be3 Qc7 16. Rfd1 Rac8 17. b3 Rfd8 18. Qb2 b6 19. dxc5 Bxc5 {[#]} 20. Bxc5 {Weighted Error Value: White=0.05 (flawless) /Black=0.08 (flawless)} (20. Bxh6 $1 $16 Nh5 21. Be3) 1/2-1/2

[Event "22nd Mediterranean Flowers 2022"]
[Site "Rijeka"]
[Date "2022.03.08"]
[Round "4.5"]
[White "Radeva, Viktoria"]
[Black "Berke, Ana"]
[Result "0-1"]
[WhiteElo "2261"]
[BlackElo "2135"]
[Annotator "RC"]
[PlyCount "84"]
[EventDate "2022.03.07"]
[EventType "tourn"]
[EventCountry "CRO"]
[SourceTitle "playchess.com"]
[Source "ChessBase"]
[SourceQuality "1"]
[TimeControl "5400+30"]

1. e4 {[%emt 0:00:03]} c5 {[%emt 0:00:05]} 2. Nf3 {[%emt 0:00:05]} d6 {[%emt 0:00:04]} 3. d4 {[%emt 0:00:06]} cxd4 {[%emt 0:00:06]} 4. Nxd4 {[%emt 0:00:07]} Nf6 {[%emt 0:00:15]} 5. Nc3 {[%emt 0:00:13]} a6 {[%emt 0:00:06]} 6. Be2 {[%emt 0:00:22]} e5 {[%emt 0:00:12]} 7. Nb3 {[%emt 0:00:04]} Be7 {[%emt 0:00:21]} 8. O-O {[%emt 0:00:43]} O-O {[%emt 0:00:11]} 9. Kh1 {[%emt 0:00:27]} Nc6 {[%emt 0:01:10]} 10. f4 {[%emt 0:02:01]} exf4 {[%emt 0:01:08]} 11. Bxf4 {[%emt 0:00:08]} Ne5 {[%emt 0:02:47]} 12. Qe1 {[%emt 0:03:15]} b5 {[%emt 0:01:21]} 13. Rd1 {[%emt 0:08:31]} Qc7 {[%emt 0:02:21]} 14. Rd4 {[%emt 0:30:10]} Be6 {[%emt 0:08:57]} 15. Qg3 {[%emt 0:02:39]} Rad8 {[%emt 0:08:08]} 16. Rfd1 {[%emt 0:02:53]} Rfe8 {[%emt 0:09:34]} 17. a3 {[%emt 0:07:13]} h5 {[%emt 0:17:35]} 18. Bg5 {[%emt 0:11:26]} Nfg4 {[%emt 0:09:18]} 19. Bxe7 {[%emt 0:03:52]} Qxe7 {[%emt 0:01:13]} 20. Bxg4 {[%emt 0:04:09]} hxg4 {[%emt 0:03:15]} 21. Nd5 {[%emt 0:05:14]} Bxd5 {[%emt 0:02:31]} 22. exd5 {[%emt 0:01:54]} Rc8 {[%emt 0:01:41]} 23. c3 {[%emt 0:00:27]} g6 {[%emt 0:05:41]} 24. Rf1 {[%emt 0:01:31]} Rc4 {[%emt 0:04:09]} 25. Nd2 {[%emt 0:03:46]} Rcc8 {[%emt 0:02:52]} 26. Ne4 {[%emt 0:01:47]} f5 {[%emt 0:01:22]} 27. Nd2 {[%emt 0:00:59]} Kg7 {[%emt 0:00:43]} 28. Kg1 {[%emt 0:01:31]} Rh8 {[%emt 0:00:49]} 29. Re1 {[%emt 0:00:56]} Rh5 {[%emt 0:00:54]} 30. Nf1 {[%emt 0:02:19]} Rf8 {[%emt 0:00:35]} 31. c4 {[%emt 0:04:10]} bxc4 {[%emt 0:03:37]} 32. Qc3 {[%emt 0:01:30]} f4 {[%emt 0:01:16]} 33. Rxc4 {[%emt 0:00:16]} Rf7 {[%emt 0:00:35]} 34. Rce4 {[%emt 0:00:58]} f3 {[%emt 0:01:23]} 35. gxf3 {[%emt 0:00:16]} gxf3 {[%emt 0:01:49]} 36. Kf2 {[%emt 0:01:54]} Qg5 {[%emt 0:00:31]} 37. Qd4 {[%emt 0:00:30]} Qg2+ {[%emt 0:01:15]} 38. Ke3 {[%emt 0:00:01]} f2 {[%emt 0:00:27]} 39. Rc1 {[%emt 0:00:32]} Qg5+ {[%emt 0:01:45]} 40. Rf4 {[%emt 0:00:18]} Rxf4 {[%emt 0:00:43]} 41. Qxf4 {[%emt 0:00:09]} Qxf4+ {[%emt 0:00:14]} 42. Kxf4 {[%emt 0:00:04]} Nd3+ {[%emt 0:00:06]} 0-1

[Event "22nd Mediterranean Flowers 2022"]
[Site "Rijeka"]
[Date "2022.03.09"]
[Round "5.1"]
[White "Berke, Ana"]
[Black "Kejzar, Petra"]
[Result "1/2-1/2"]
[WhiteElo "2135"]
[BlackElo "2031"]
[Annotator "ChessBase"]
[PlyCount "23"]
[EventDate "2022.03.07"]
[EventType "tourn"]
[EventCountry "CRO"]
[SourceTitle "playchess.com"]
[Source "ChessBase"]
[SourceQuality "1"]
[TimeControl "5400+30"]

1. d4 {[%emt 0:00:37]} Nf6 {[%emt 0:00:03]} 2. c4 {[%emt 0:00:12]} g6 {[%emt 0:00:03]} 3. Nc3 {[%emt 0:00:04]} d5 {[%emt 0:00:03]} 4. cxd5 {[%emt 0:00:08]} Nxd5 {[%emt 0:00:03]} 5. e4 {[%emt 0:00:06]} Nxc3 {[%emt 0:00:03]} 6. bxc3 {[%emt 0:00:07]} Bg7 {[%emt 0:00:02]} 7. Nf3 {[%emt 0:00:12]} c5 {[%emt 0:00:12]} 8. Be3 {[%emt 0:00:04]} O-O {[%emt 0:00:03]} 9. Be2 {[%emt 0:00:08]} Qa5 {[%emt 0:00:18]} 10. Qd2 {[%emt 0:00:08]} Nc6 {[%emt 0:00:07]} 11. Rd1 {[%emt 0:00:17]} Bg4 {[%emt 0:00:22]} 12. O-O {[%emt 0:00:21]} 1/2-1/2